[Event "AUTO-MASTER-14"]
[Site "http://www.queenalice.com/game.php?id=15619"]
[Date "2005.6.8"]
[Round "1"]
[White "popcorn"]
[Black "BornLoser"]
[Result "1-0"]
[WhiteElo "1922"]
[BlackElo "1633"]

1. d4 Nf6 2. c4 e6 3. g3 d5 4. Bg2 Be7 5. Nf3 O-O 6. Nbd2 c5 7. cxd5 Nxd5 8.
dxc5 Bxc5 9. Ne4 Qa5+ 10. Bd2 Bb4 11. a3 Bxd2+ 12. Qxd2 Nc6 13. O-O Qxd2 14.
Nfxd2 Bd7 15. Nc5 Bc8 16. Rac1 b6 17. Nxe6 Bxe6 18. Rxc6 Nf6 19. Rxe6 fxe6 20.
Bxa8 Rxa8 21. Rc1 Kf7 22. Rc7+ Kg6 23. Kf1 Nd5 24. Rc6 Kf6 25. e4 Ne7 26. Rc7 e5
27. Ke2 h6 28. Kd3 a6 29. Nc4 b5 30. Nxe5 1-0

[Event "AUTO-MASTER-15"]
[Site "http://www.queenalice.com/game.php?id=16252"]
[Date "2005.6.15"]
[Round "1"]
[White "alib2004"]
[Black "BornLoser"]
[Result "1-0"]
[WhiteElo "1544"]
[BlackElo "1581"]

1. e4 c5 2. Nf3 Nc6 3. Bc4 e6 4. O-O Be7 5. Nc3 d6 6. d4 cxd4 7. Nxd4 Nf6 8. Be3
O-O 9. a3 Bd7 10. h3 a6 11. Nf3 Qc7 12. b4 b5 13. Bb3 Rfd8 14. Qd2 Ne5 15. Nxe5
dxe5 16. Qe2 Qxc3 17. Qf3 Qc6 18. Bg5 Bc8 19. Rac1 Bb7 20. Rfe1 Rd7 21. c4 bxc4
22. Rxc4 Qd6 23. Rd1 Qxd1+ 24. Bxd1 Bxe4 25. Rxe4 Nxe4 26. Bxe7 Rxe7 27. Qxe4
Rd8 28. Be2 Red7 29. Bxa6 Rd4 30. Qxe5 R4d5 31. Qe3 R5d6 32. Bc4 Rd4 33. Qb3
Rd1+ 34. Kh2 R1d4 35. a4 Rd1 36. b5 R8d2 37. b6 Rxf2 38. Qxd1 1-0

[Event "AUTO-MASTER-15"]
[Site "http://www.queenalice.com/game.php?id=16253"]
[Date "2005.6.15"]
[Round "1"]
[White "BornLoser"]
[Black "alib2004"]
[Result "0-1"]
[WhiteElo "1564"]
[BlackElo "1561"]

1. Nf3 c5 2. c4 d6 3. Nc3 Nc6 4. g3 e6 5. Bg2 Be7 6. O-O Nf6 7. d4 cxd4 8. Nxd4
Nxd4 9. Qxd4 O-O 10. b3 a6 11. Bb2 e5 12. Qd2 Rb8 13. e3 b5 14. cxb5 axb5 15.
Rac1 Bd7 16. Nd5 Nxd5 17. Bxd5 Bh3 18. Bg2 Bxg2 19. Kxg2 Qd7 20. Rfd1 Qb7+ 21.
Kg1 Qf3 22. Rc7 Rfe8 23. Rd7 Rbd8 24. Rxd8 Rxd8 25. Bxe5 Qxd1+ 26. Qxd1 dxe5 27.
Qe2 b4 28. Qb5 Kf8 29. Qxe5 Rd2 30. Qb8+ Rd8 31. Qa7 g6 32. Kg2 h6 33. Qa5 Rd2
34. Qa8+ Kg7 35. Qe4 Kf8 36. Qe5 f6 37. Qe4 Kf7 38. Qc4+ Kg7 39. Qe6 Kf8 0-1

[Event "AUTO-MASTER-15"]
[Site "http://www.queenalice.com/game.php?id=16268"]
[Date "2005.6.15"]
[Round "1"]
[White "BornLoser"]
[Black "Willy"]
[Result "0-1"]
[WhiteElo "1618"]
[BlackElo "1845"]

1. d4 d5 2. c4 c6 3. Nc3 Nf6 4. Nf3 e6 5. Bf4 Bb4 6. e3 Nbd7 7. h3 O-O 8. Bd3
Ne4 9. Qc2 f5 10. O-O Be7 11. cxd5 exd5 12. Ne5 Nxe5 13. Bxe5 Bd6 14. Bxd6 Qxd6
15. f3 Ng3 16. Rfe1 Bd7 17. Qf2 f4 18. exf4 Qxf4 19. Ne2 Nxe2+ 20. Rxe2 Rae8 21.
Rae1 Qf6 22. Rxe8 Rxe8 23. Rxe8+ Bxe8 24. Qc2 g6 25. Qa4 a6 26. Qb4 b5 27. a4 a5
28. Qc3 bxa4 29. Qc5 h5 30. Bc2 Qf4 31. Bxa4 h4 32. Bxc6 Bxc6 33. Qxc6 Qxd4+ 34.
Kh2 Kh7 35. Qc7+ Kh6 36. Qxa5 Qe5+ 37. Kg1 Qe3+ 38. Kf1 d4 39. Qd8 Qc1+ 40. Ke2
Qxb2+ 41. Kf1 Qc1+ 42. Ke2 Qe3+ 43. Kf1 Qd3+ 44. Kf2 Qe3+ 45. Kf1 Qf4 46. Ke2
Qe3+ 47. Kf1 g5 48. Qh8+ Kg6 49. Qg8+ Kf6 50. Qf8+ Ke6 51. Qe8+ Kd5 52. Qxe3
dxe3 53. Ke1 Ke5 54. Kd1 Kd5 55. Ke1 Kc4 56. Kd1 Kd3 57. Ke1 e2 0-1

[Event "AUTO-MASTER-15"]
[Site "http://www.queenalice.com/game.php?id=16269"]
[Date "2005.6.15"]
[Round "1"]
[White "Willy"]
[Black "BornLoser"]
[Result "1-0"]
[WhiteElo "1747"]
[BlackElo "1618"]

1. e4 c5 2. f4 d5 3. e5 e6 4. Nf3 Ne7 5. c3 Ng6 6. d4 cxd4 7. cxd4 Bb4+ 8. Nc3
O-O 9. Bd3 Qa5 10. Bd2 Nc6 11. a3 Bxc3 12. bxc3 Nxf4 13. Bxf4 Qxc3+ 14. Kf2 Nxd4
15. Nxd4 Qxd4+ 16. Kf3 Qc3 17. Kg3 b6 18. Qc2 Qxc2 19. Bxc2 Ba6 20. Rhc1 Bc4 21.
Be3 Rfc8 22. h3 g6 23. a4 Kg7 24. Bg5 h6 25. Bf6+ Kf8 26. h4 h5 27. Kf4 Rc7 28.
g4 hxg4 29. Bd1 Kg8 30. Bxg4 Kh7 31. h5 Rh8 32. hxg6+ Kxg6 33. Bxh8 1-0

[Event "AUTO-MASTER-15"]
[Site "http://www.queenalice.com/game.php?id=16270"]
[Date "2005.6.15"]
[Round "1"]
[White "BornLoser"]
[Black "adilson_camargo"]
[Result "1/2-1/2"]
[WhiteElo "1616"]
[BlackElo "1605"]

1. Nf3 Nc6 2. e4 e5 3. Bb5 d6 4. d4 exd4 5. Bxc6+ bxc6 6. Nxd4 c5 7. Ne2 Nf6 8.
Nbc3 Ba6 9. Bg5 Be7 10. O-O h6 11. Bh4 O-O 12. Re1 Nh5 13. Bxe7 Qxe7 14. Nd5 Qd7
15. Nec3 c6 16. Qxh5 cxd5 17. Nxd5 Rab8 18. b3 Rbe8 19. c4 Bb7 20. Qh4 Re5 21.
Qg3 Rg5 22. Qf3 Re8 23. h4 Rg6 24. Rad1 Re5 25. Nf4 Rf6 26. Qh3 Qxh3 27. Nxh3
Bxe4 28. f3 Bf5 29. Nf2 Bc2 30. Rxe5 dxe5 31. Rd5 Ra6 32. Rxe5 Rxa2 33. Rxc5
Bxb3 34. Rc8+ Kh7 35. c5 Rc2 36. Ne4 Bd5 37. Nd6 f6 38. Rc7 a6 39. Nf5 Kg6 40.
Ne3 Rc1+ 41. Kh2 Bc4 42. Nxc4 Rxc4 43. Kg3 a5 44. c6 a4 45. Ra7 Rxc6 46. Rxa4
Rc5 47. Kf4 Rf5+ 48. Kg4 h5+ 49. Kg3 Kh6 50. Ra8 Kh7 51. Kh3 g5 52. hxg5 fxg5
53. Ra6 Rf4 54. Kg3 Kg7 55. Kf2 Rf6 56. Ra5 Kg6 57. g3 h4 58. gxh4 gxh4 59. Kg2
Rf5 60. Ra4 Kg5 61. Rg4+ Kh5 62. Re4 Kg5 63. Rg4+ 1/2-1/2

[Event "AUTO-MASTER-15"]
[Site "http://www.queenalice.com/game.php?id=16271"]
[Date "2005.6.15"]
[Round "1"]
[White "adilson_camargo"]
[Black "BornLoser"]
[Result "1/2-1/2"]
[WhiteElo "1565"]
[BlackElo "1620"]

1. d4 Nf6 2. c4 e6 3. Bf4 Bb4+ 4. Nc3 b6 5. e3 Bb7 6. Nf3 O-O 7. Bd3 d5 8. a3
Bd6 9. Bg5 Nbd7 10. b4 c5 11. cxd5 exd5 12. dxc5 bxc5 13. bxc5 Bxc5 14. Bb5 Qa5
15. Qb3 Ne4 16. Rc1 Nxg5 17. Nxg5 Nf6 18. O-O Qxa3 19. Qxa3 Bxa3 20. Rb1 a6 21.
Bd3 Bc8 22. Rfd1 a5 23. Be2 Bf5 24. Rb5 Bb4 25. Nxd5 Nxd5 26. Rdxd5 Bg6 27. Bd3
Bxd3 28. Rxd3 h6 29. Ne4 Rac8 30. g3 Rfd8 31. Rxd8+ Rxd8 32. Kg2 Ra8 33. Nc5
Bxc5 34. Rxc5 a4 35. Rc2 a3 36. Ra2 Kf8 37. f4 Ke7 38. Kf3 Kd6 39. Ke4 Kc5 40.
Kd3 Kb4 41. Kc2 Kc4 42. g4 g6 43. h4 Kd5 44. Kd3 f6 45. e4+ Kc5 46. Kc3 Ra4 47.
e5 fxe5 48. fxe5 Kd5 49. Kb3 Rxg4 50. Re2 Ke6 51. Kxa3 Rxh4 52. Rg2 g5 53. Re2
h5 54. Kb3 Rg4 55. Kc3 h4 56. Kd2 h3 57. Ke3 Rh4 58. Rh2 g4 59. Kf4 g3+ 60. Kxg3
Re4 61. Rxh3 Rxe5 62. Rh6+ Kd5 63. Kf4 Re4+ 64. Kf3 1/2-1/2

[Event "AUTO-MASTER-21"]
[Site "http://www.queenalice.com/game.php?id=21133"]
[Date "2005.7.23"]
[Round "1"]
[White "Claumann"]
[Black "BornLoser"]
[Result "1-0"]
[WhiteElo "1827"]
[BlackElo "1611"]

1. d4 Nf6 2. Nf3 e6 3. Bg5 Be7 4. Nbd2 c5 5. c3 cxd4 6. cxd4 d5 7. e3 O-O 8. Bd3
Nc6 9. Bxf6 Bxf6 10. a3 h6 11. Rc1 Bd7 12. O-O Qb6 13. Qb3 Qxb3 14. Nxb3 b6 15.
Rc2 Rac8 16. Ba6 Rc7 17. Rfc1 Re8 18. Ne5 Bxe5 19. dxe5 1-0

[Event "AUTO-MASTER-21"]
[Site "http://www.queenalice.com/game.php?id=21134"]
[Date "2005.7.23"]
[Round "1"]
[White "BornLoser"]
[Black "Claumann"]
[Result "0-1"]
[WhiteElo "1600"]
[BlackElo "1837"]

1. e4 e5 2. Nf3 Nf6 3. Nxe5 Qe7 4. Nf3 Qxe4+ 5. Be2 Nc6 6. d3 Qg4 7. O-O Bc5 8.
Nc3 O-O 9. Ne5 Qe6 10. Nxc6 dxc6 11. Re1 Qd6 12. Bf3 Bf5 13. Bg5 Rfe8 14. Bh4
Rxe1+ 15. Qxe1 Re8 16. Qd2 Ng4 17. Bg3 Qe7 18. a3 Nf6 19. b4 Bd6 20. Bh4 Bf4 21.
Qe2 Qd6 22. Ne4 Bxh2+ 23. Kf1 Nxe4 24. Bxe4 g5 25. Bxg5 Bxe4 26. dxe4 Qe5 27.
Qg4 Qxa1+ 0-1

[Event "AUTO-MASTER-21"]
[Site "http://www.queenalice.com/game.php?id=21147"]
[Date "2005.7.23"]
[Round "1"]
[White "Be0wulf"]
[Black "BornLoser"]
[Result "1-0"]
[WhiteElo "1828"]
[BlackElo "1587"]

1. e4 d5 2. exd5 Qxd5 3. Nc3 Qd8 4. d4 Nf6 5. Be2 e6 6. Nf3 Be7 7. Ne5 O-O 8.
O-O b6 9. Bf3 c6 10. Bf4 Bb7 11. Re1 Qc8 12. Rc1 Nbd7 13. Ne4 Nxe5 14. Bxe5 Nxe4
15. Bxe4 Qd7 16. c3 c5 17. Qf3 1-0

[Event "AUTO-MASTER-21"]
[Site "http://www.queenalice.com/game.php?id=21148"]
[Date "2005.7.23"]
[Round "1"]
[White "BornLoser"]
[Black "Be0wulf"]
[Result "0-1"]
[WhiteElo "1594"]
[BlackElo "1821"]

1. e4 c5 2. Nc3 e6 3. f4 d5 4. exd5 exd5 5. Nf3 Nf6 6. Bb5+ Bd7 7. Bxd7+ Nbxd7
8. O-O Be7 9. d4 O-O 10. Be3 Re8 11. Qd2 Rc8 12. Ne5 Ne4 13. Nxe4 dxe4 14. c3
cxd4 15. Bxd4 f5 16. Qe3 Nxe5 17. Bxe5 Qa5 0-1

[Event "AUTO-MASTER-21"]
[Site "http://www.queenalice.com/game.php?id=21157"]
[Date "2005.7.23"]
[Round "1"]
[White "BornLoser"]
[Black "David33"]
[Result "0-1"]
[WhiteElo "1593"]
[BlackElo "1936"]

1. e4 e5 2. Nf3 Nc6 3. Bc4 Bc5 4. c3 Nf6 5. d4 exd4 6. cxd4 Bb4+ 7. Bd2 Nxe4 8.
Bxb4 Nxb4 9. Bxf7+ Kxf7 10. Qb3+ d5 11. Qxb4 Re8 12. Ne5+ Kg8 13. O-O c5 14. Qa4
b5 15. Qd1 Qb6 16. dxc5 Qxc5 17. Nf3 Bg4 18. Qd3 Bxf3 19. Qxf3 Rf8 20. Qe3 Qxe3
21. fxe3 b4 22. a3 b3 23. Nc3 Nxc3 24. Rxf8+ Kxf8 25. bxc3 Rc8 26. Rb1 Rxc3 27.
Kf2 a5 28. a4 Rc2+ 29. Kf3 b2 30. h3 Ke7 31. g3 Kd6 32. e4 d4 33. h4 d3 34. Ke3
d2 0-1

[Event "AUTO-MASTER-21"]
[Site "http://www.queenalice.com/game.php?id=21158"]
[Date "2005.7.23"]
[Round "1"]
[White "David33"]
[Black "BornLoser"]
[Result "1-0"]
[WhiteElo "1901"]
[BlackElo "1604"]

1. e4 d5 2. exd5 Qxd5 3. Nf3 Bg4 4. Be2 Nf6 5. d4 e6 6. h3 Bh5 7. O-O Be7 8. c4
Qd8 9. Nc3 O-O 10. Be3 c6 11. g4 Bg6 12. Ne5 Nbd7 13. h4 h6 14. Nxg6 fxg6 15. g5
Nh7 16. f4 h5 17. Bd3 Qe8 18. Qc2 1-0

[Event "AUTO-OPEN-64"]
[Site "http://www.queenalice.com/game.php?id=21457"]
[Date "2005.7.26"]
[Round "2"]
[White "BornLoser"]
[Black "merlos"]
[Result "0-1"]
[WhiteElo "1548"]
[BlackElo "1798"]

1. e4 e5 2. Nf3 Nc6 3. Bc4 Nf6 4. Ng5 d5 5. exd5 Nxd5 6. Qh5 g6 7. Qf3 Qxg5 8.
Bxd5 Nd8 9. O-O Bd6 10. d3 Qf5 11. Qxf5 Bxf5 12. Bh6 c6 13. Bb3 a5 14. a3 Be6
15. Bxe6 Nxe6 16. Nc3 Bf8 17. Bxf8 Nxf8 18. Rfe1 Nd7 19. Ne4 O-O 20. Nd6 b5 21.
Ne4 f6 0-1

[Event "AUTO-OPEN-64"]
[Site "http://www.queenalice.com/game.php?id=21458"]
[Date "2005.7.26"]
[Round "2"]
[White "merlos"]
[Black "BornLoser"]
[Result "1-0"]
[WhiteElo "1778"]
[BlackElo "1580"]

1. d4 Nf6 2. Nf3 e6 3. Bg5 Be7 4. Bxf6 Bxf6 5. e4 O-O 6. Bd3 d6 7. O-O b6 8. Qe2
g6 9. e5 dxe5 10. dxe5 Bg7 11. c4 Bb7 12. Nc3 c5 13. Be4 Bxe4 14. Nxe4 Qc7 15.
Nd6 Nd7 16. Rad1 Rad8 17. Qe4 f5 18. exf6 Rxf6 19. Ng5 e5 20. Qd5+ 1-0

[Event "AUTO-OPEN-64"]
[Site "http://www.queenalice.com/game.php?id=21459"]
[Date "2005.7.26"]
[Round "2"]
[White "BornLoser"]
[Black "bienopia"]
[Result "0-1"]
[WhiteElo "1591"]
[BlackElo "1720"]

1. e4 a6 2. b3 c6 3. Bb2 d5 4. exd5 cxd5 5. Nf3 Bg4 6. Be2 e6 7. d4 Bd6 8. O-O
h6 9. Nbd2 Ne7 10. c4 Nd7 11. Rc1 Rc8 12. h3 Bh5 13. c5 Bb8 14. Re1 Bxf3 15.
Nxf3 Nf6 16. Ne5 Bxe5 17. dxe5 Nd7 18. b4 O-O 19. Bf3 Nc6 20. a3 Qg5 21. Qe2 Ne7
22. Bg4 g6 23. Rc2 h5 24. Bc1 Qxe5 25. Bf3 Qf5 0-1

[Event "AUTO-OPEN-64"]
[Site "http://www.queenalice.com/game.php?id=21460"]
[Date "2005.7.26"]
[Round "2"]
[White "bienopia"]
[Black "BornLoser"]
[Result "0-1"]
[WhiteElo "1719"]
[BlackElo "1572"]

1. f4 Nc6 2. Nf3 d5 3. d4 Bg4 4. e3 Nf6 5. Bb5 e6 6. O-O Bd6 7. Qe1 h6 8. Nbd2
O-O 9. b3 Bf5 10. c4 Nb4 11. Qh4 Nd3 12. Ne5 c6 13. Ba4 Ne4 14. Qxd8 Raxd8 15.
Nxd3 Nxd2 16. Rd1 Bxd3 17. Rxd2 Be4 18. c5 Bc7 19. b4 a6 20. Bc2 Bxc2 21. Rxc2
b6 22. a4 Rb8 23. a5 bxc5 24. bxc5 Rb5 25. Kf2 Rfb8 26. Raa2 Bd8 27. Bd2 Kh7 28.
Kf3 g5 29. g3 f5 30. h3 Kg6 31. g4 Rb3 32. gxf5+ Kxf5 33. Rc3 Rxc3 34. Bxc3 Rb3
35. Rc2 gxf4 36. Bd2 Ra3 37. Rc3 Rxa5 38. Rb3 Rb5 39. Ra3 a5 40. exf4 h5 41. Bc3
a4 42. Bd2 Rb3+ 43. Rxb3 axb3 44. Bc3 Ba5 45. Bb2 Bd2 46. Ba1 Bc1 0-1